Catholic University of Zimbabwe Library
Online Public Access Catalogue
(OPAC)

Three men in a boat (Record no. 10782)

MARC details
000 -LEADER
fixed length control field 00396 a2200121 4500
005 - DATE AND TIME OF LATEST TRANSACTION
control field 20191017173824.0
084 ## - OTHER CLASSIFICATION NUMBER
Classification number PR4825.J3 A7753 1944
245 ## - TITLE STATEMENT
Title Three men in a boat
Remainder of title : (to say nothing of the dog)
Medium print
250 ## - EDITION STATEMENT
Edition statement 2d ed.
260 ## - PUBLICATION, DISTRIBUTION, ETC.
Place of publication, distribution, etc. sz
Name of publisher, distributor, etc. A. Francke ag.
Date of publication, distribution, etc. [1944]
300 ## - PHYSICAL DESCRIPTION
Extent 44 p. 20 cm.
Other physical details 44 p. 20 cm.
Dimensions 44 p. 20 cm.
700 ## - ADDED ENTRY--PERSONAL NAME
Personal name Jerome, Jerome K. (Jerome Klapka)
700 ## - ADDED ENTRY--PERSONAL NAME
Personal name Gilomen, Walther, [from old catalog]

No items available.

OPENING HOURS

Weekdays: 0815hrs - 1800hrs
Weekends:0900hrs - 1200hrs

Closed for Mass:

Mon, Thur: 1200hrs - 1300hrs
Sunday & Public Holiday’s

CALL SUPPORT

0242-570570, 0242-570169
09200664, +263 8644140602

LOCATION

18443, Cranborne Avenue, Hatfield, Harare

Other Links


©2021 | CUZ Library